000 01309nam a22001457a 4500
999 _c523869
_d523869
008 231011b ||||| |||| 00| 0 eng d
100 _aAhmed, Saman
_944086
245 _aCrafting livelihood together: Unraveling the work Patterns of women Phool-Patti artisans in Aligarh
260 _aSocial Scientist
300 _a51(7-8), Jul-Aug, 2023: p.51-62
520 _aThe craft sector has long been an integral part of India’s cultural heritage, and economic landscape, providing livelihood opportunities for numerous artisans across the country. Among these, women engaged in the traditional art of phool-patti embroidery in Aligarh hold district position. Phool Patti, an intricate appliqué embroidery in Aligarh hold a district position Phool-patti, intricate appliqué appliqué embroidery style that showcase Persian influences and dawns on Mughal art designs, is not only craft form but also a repository of cultural’ heritage and identity for the local community. Understanding the work patents and socio-economic dynamics of women Phool-Patti artisans is crucial for comprehending the complexities of their livelihoods, as well as identifying avenues for their empowerment and socio-economic development. – Reproduced
773 _aSocial Scientist
906 _aWOMEN
942 _cAR